| 000 | 00444pab a2200169 454500 | ||
|---|---|---|---|
| 008 | 180718b2013 xxu||||| |||| 00| 0 eng d | ||
| 100 | _aLakshmanasamy, T. | ||
| 245 | _aTeam capital and productivity: Effects of unit specific nursing care on patient outcome | ||
| 260 | _c2013 | ||
| 300 | _ap.252-271. | ||
| 362 | _aSept | ||
| 650 | _aPatients | ||
| 650 | _aHealth services | ||
| 773 | _aArtha Vijnana | ||
| 908 | _aN | ||
| 909 | _a104687 | ||
| 999 |
_c104682 _d104682 |
||